Szczegóły MARC21

Fatima /

005 -DATA I CZAS OSTATNIEJ MODYFIKACJI [,]
    • @
    • pole kontrolne
    • 20110401114742.0
020 -Międzynarod. znormalizowany nr książki - ISBN [ , ]
    • a
    • Numer ISBN
    • 9788361809432 Find
020 -Międzynarod. znormalizowany nr książki - ISBN [ , ]
    • a
    • Numer ISBN
    • 9788361809357 (seria) Find
040 -Instytucja sporządzająca opis [ , ]
    • a
    • Instytucja, która sporządziła opis (NP)
    • SZCZ U/DL
    • c
    • Instytucja, która sporządziła rekord (NP)
    • SZCZ U/DL
    • d
    • Instytucja, która zmodyfikowała rekord (P)
    • SZCZ U/AP
041 -Język dokumentu [0, ]
    • a
    • Język tekstu (P)
    • polski
044 -Kraj miejsca wydania [ , ]
    • a
    • Kraj miejsca wydania
    • Polska
942 -Rodzaj dokumentu [ , ]
    • c
    • Rodzaj dokumentu
    • Książka
100 -Hasło główne - nazwa osobowa [1, ]
    • 9
    • KHW
    • 22699
    • a
    • Nazwa osobowa (NP)
    • Szymborska, Monika.
245 -Strefa tytułu i oznaczenia odpowiedzialności [1,0]
    • a
    • Tytuł
    • Fatima / Find
    • c
    • Pozostałe elementy strefy tytułu i oznaczenia odpowiedzialności (NP)
    • [tekst Monika Szymborska, Wiktor Szymborski ; rozdział "Arka Pana - sanktuarium Matki Bożej Fatimskiej w Nowej Hucie" Eliza Waluś].
260 -Strefa adresu wydawniczego [ , ]
    • a
    • Miejsce wydania (P)
    • Warszawa :
    • b
    • Nazwa wydawcy (P)
    • Mediaprofit ;
    • b
    • Nazwa wydawcy (P)
    • Agora,
    • c
    • Data wydania (P)
    • 2010.
300 -Strefa opisu fizycznego [ , ]
    • a
    • Określenie formy książki i/lub objętość (NP)
    • 255 s. :
    • b
    • Oznaczenie ilustracji (NP)
    • il. ;
    • c
    • Format (NP)
    • 23 cm.
830 -Hasło dodatkowe serii i opisu książki wielotomowej - tytuł ujednolicony/tytuł [ ,0]
    • 9
    • KHW
    • 21021
    • a
    • Tytuł ujednolicony/tytuł (NP)
    • Biblioteka Gazety Wyborczej.
    • v
    • Oznaczenie tomu (NP)
    • 8
    • p
    • Nazwa części/podserii/sekcji (P)
    • Miejsca święte
830 -Hasło dodatkowe serii i opisu książki wielotomowej - tytuł ujednolicony/tytuł [ ,0]
    • 9
    • KHW
    • 22703
    • a
    • Tytuł ujednolicony/tytuł (NP)
    • Biblioteka Gazety Wyborczej
500 -Uwaga ogólna [ , ]
    • a
    • Uwaga ogólna (NP)
    • Plan Fatimy na wyklejce.
504 -Uwaga dot. bibliogr. załącznikowej [ , ]
    • a
    • Uwaga dot. bibliografii załącznikowej
    • Ind.
080 -Uniwersalna Klasyfikacja Dziesiętna [ , ]
    • 2
    • Identyfikator wydania tablic
    • UDC-P058
    • 9
    • UKD
    • 8670
    • a
    • Symbol klasyfikacji
    • 913(469)(036)
    • b
    • Dopowiedzenie
    • Przewodniki turystyczno-krajoznawcze po Portugalii.
080 -Uniwersalna Klasyfikacja Dziesiętna [ , ]
    • 2
    • Identyfikator wydania tablic
    • UDC-P058
    • 9
    • UKD
    • 10758
    • a
    • Symbol klasyfikacji
    • 272-9
    • b
    • Dopowiedzenie
    • Kościół rzymskokatolicki. - Historia Kościoła.
980 -Symbol UKD [ , ]
    • a
    • UKD
    • 913(469)(036):272-9
700 -Hasło dodatkowe - nazwa osobowa [1, ]
    • 9
    • KHW
    • 22702
    • a
    • Nazwa osobowa (NP)
    • Szymborski, Wiktor Find
    • d
    • Daty biograficzne (NP)
    • (1981- ).
700 -Hasło dodatkowe - nazwa osobowa [1, ]
    • 9
    • KHW
    • 21030
    • a
    • Nazwa osobowa (NP)
    • Waluś, Eliza. Find
920 -ISBN [ , ]
    • a
    • ISBN
    • 978-83-61809-43-2 Find
920 -ISBN [ , ]
    • a
    • ISBN
    • 978-83-61809-35-7 (seria) Find
Sygnatura Numer inwentarzowy Status udost. Lokalizacja Data inwentaryzacji
T.11289T.112891T2011-01-19